Football-J'ai joué avec... #3 - Statistiques

Statistiques générales
  • Ce quiz a été pris 71 fois
  • Le résultat moyen est 2 sur 6
Statistiques - réponses
Player 1 Player 2 Player 3 Player 4 Réponse % Correct
Y. Sommer R. Bensebaini L. Blas N. Barella Thuram
60%
R. Falcao T. Kroos D. Alaba Hulk James
53%
I. Gündogan A. Lacazette B. Saka G. Kondogbia Aubameyang
47%
L. Messi Fabinho D. De Gea B. Pavard Thiago
36%
A. Onana A. Hakimi K.Dolberg T.Silva Ziyech
27%
T. Courtois J. Mata D. Tadic P. Dybala Matic
18%
Aucun quiz correspondant
Distribution des résultats
% des personnes avec chaque résultat
Percentile par nombre de réponses
Votre historique - résultats
Vous n’avez pas pris ce quiz